| 000 | 01253naa a22003257a 4500 | ||
|---|---|---|---|
| 001 | BR8703289 | ||
| 003 | BR-BrBNA | ||
| 005 | 20240918175807.0 | ||
| 007 | ta | ||
| 008 | 230509b bl.||||| |||| 00| 0 por d | ||
| 040 |
_aBR-BrBNA _bpor _cBiblioteca Nacional de Agricultura |
||
| 041 | _a(Pt) | ||
| 072 |
_aQ54; L51 _b5300 _bG514 |
||
| 090 | _aQ54 BR8703289 | ||
| 100 | 1 | _aFialho, E.T. | |
| 100 | 1 | _aAlbino, L.F.T. | |
| 100 | 1 | _aAraujo, J.D. | |
| 100 | 1 | _aThire, M.C. | |
| 111 | 1 |
_a21. Reuniao Anual da Sociedade Brasileira de Zootecnia _cBelo Horizonte, MG (Brazil) _d16-20 Jul 1984 |
|
| 245 | 1 | _aComparacao de racoes para suinos formuladas com diferentes valores de composicao quimica e energia comestivel (digestibilidade e desempenho) | |
| 260 | 3 |
_aBelo Horizonte, MG (Brasil): _c1984. |
|
| 500 | _aAnais da 21. Reuniao Anual da Sociedade Brasileira de Zootecnia Belo Horizonte, MG (Brasil): 1984. p. 218 (BR8703289-AM)Q54 | ||
| 650 | _aSUINO | ||
| 650 | _aRACAO | ||
| 650 | _aDIGESTIBILIDADE | ||
| 650 | _aANALISE DE ALIMENTO | ||
| 773 | 0 |
_tAnais da 21. Reuniao Anual da Sociedade Brasileira de Zootecnia _wQ54 BR8703289 _gBelo Horizonte, MG (Brasil), 1984. p. 218 |
|
| 909 |
_a202404 _bLucia _c55 _dLucia Elande |
||
| 942 |
_cAM _2AGRIS |
||
| 999 |
_c318169 _d318169 |
||